Final say on certificates of approval (Record no. 66015)

MARC details
000 -LEADER
fixed length control field 01283cam a2200229 4500
001 - CONTROL NUMBER
control field ABS63376
008 - FIXED-LENGTH DATA ELEMENTS--GENERAL INFORMATION
fixed length control field 000000n2001 000 0 eng u
035 ## - SYSTEM CONTROL NUMBER
System control number (Sirsi) u110752
100 ## - MAIN ENTRY--PERSONAL NAME
Personal name Atkinson, D.
245 ## - TITLE STATEMENT
Title Final say on certificates of approval
260 ## - PUBLICATION, DISTRIBUTION, ETC.
Date of publication, distribution, etc. 2001
490 ## - SERIES STATEMENT
Series statement Construction News
Volume/sequential designation (6701) 1 February 2001, 12(1)
520 ## - SUMMARY, ETC.
Summary, etc. Observes that, despite the fact that it is used to show that the contractor has satisfactorily discharged its contractual obligations, contractors may still be liable to the employer after the issue of the final certificate under the Civil Liability (Contribution) Act 1978. The final certificate prevents the employer from establishing the contractors liability, forcing them to seek redress from the architect, but, as in "Oxford University Fixed Assets v Architects Design Partnership" (1999), the architect has a right of contribution and indemnity from the contractor.
590 ## - LOCAL NOTE (RLIN)
Local note ABS
650 ## - SUBJECT ADDED ENTRY--TOPICAL TERM
Topical term or geographic name entry element BUILT ENVIRONMENT-BUILDING CONTRACT FORMS
650 ## - SUBJECT ADDED ENTRY--TOPICAL TERM
Topical term or geographic name entry element CIVIL LIABILITY (CONTRIBUTION) ACT 1978
650 ## - SUBJECT ADDED ENTRY--TOPICAL TERM
Topical term or geographic name entry element CONTRACTORS LIABILITY
650 ## - SUBJECT ADDED ENTRY--TOPICAL TERM
Topical term or geographic name entry element FINAL CERTIFICATES
650 ## - SUBJECT ADDED ENTRY--TOPICAL TERM
Topical term or geographic name entry element OXFORD UNIVERSITY FIXED ASSESTS V ARCHITECTS DESIGN PARTNERSHIP
690 ## - LOCAL SUBJECT ADDED ENTRY--TOPICAL TERM (OCLC, RLIN)
Topical term or geographic name as entry element BUILT ENVIRONMENT-BUILDING CONTRACT FORMS
942 ## - ADDED ENTRY ELEMENTS (KOHA)
Suppress in OPAC 0
Holdings
Withdrawn status Lost status Source of classification or shelving scheme Damaged status Not for loan Home library Current library Shelving location Date acquired Total Checkouts Full call number Barcode Date last seen Copy number Price effective from Koha item type
    Dewey Decimal Classification     London London Journal article 05/02/2001   ABS63376 110752-1001 06/08/2019 1 06/08/2019 Journal article